000 00351nam a22001337a 4500
020 _a8179920488
040 _cNust
082 _a620.1623
_bCOR
100 _aJaico Publishing
_9125098
245 _aCorrosion Control
_bPrinciples $ Practice
260 _aMumbai;
_bJaico Publishing House,
_c2003.
650 _2Corrosion Control
942 _2ddc
_cBK
999 _c610852
_d610852